000 00255nam a2200097Ia 4500
005 20251222114343.0
008 251222s1900||||xx |||||||||||||| ||spa||
082 _aDVD0096/W33/1999
245 0 _aCiencia y efectos especiales:Science special effects
942 _cDVD
999 _c942
_d942